| 000 | 00527nam a22002177a 4500 | ||
|---|---|---|---|
| 003 | Nust | ||
| 005 | 20211129121757.0 | ||
| 008 | 170120b xxu||||| |||| 00| 0 eng d | ||
| 020 | _a0-07-1203702 | ||
| 038 | _aKhadija | ||
| 040 | _c. | ||
| 082 | _a658.4013 BAR | ||
| 100 |
_aBarkley, Bruce T. _985245 |
||
| 245 |
_aCustomer-Driven Project Management / _cBruce T. Barkley |
||
| 250 | _a2nd | ||
| 260 |
_aBoston, _bMcGraw Hill, _c2001. |
||
| 300 | _a609p. ; | ||
| 500 | _aPaperback. | ||
| 563 | _aPB | ||
| 942 |
_cBK _2ddc |
||
| 999 |
_c32389 _d32389 |
||